000 00471nam a2200157 4500
001 131217
003 ES-MaACL
005 20230906193934.0
007 t|
008 070214s1979 sp r ||||1| spa d
100 1 _aRodón, Enrique.
_998156
245 1 0 _aTratado de construcción
_b: lo que debe saber el proyectista /
_cEnrique Rodón.
260 _aBarcelona :
_bReverté,
_c1979.
300 _aXI, 763 p. :
_bil. ;
_c24 cm.
852 _aES-MaACL
_jA-10846
_bR.100120
999 _c131217
_d131217